| 000 | 00679nam a2200229 a 4500 | ||
|---|---|---|---|
| 001 | BRCA_5956 | ||
| 005 | 20190320205257.0 | ||
| 008 | 240311s1920----gw-#######---#000-0#ger-# | ||
| 041 | _ager | ||
| 044 | _agw | ||
| 050 | 4 |
_aN8079.5 _b.P45 1920 |
|
| 100 | 1 |
_aPfleiderer, Rudolf _915041 |
|
| 245 | 1 | 0 |
_aDie Attribute der Heiligen _cvon Rudolf Pfleiderer. |
| 260 |
_aAlemania _bHeinrich Kerler _c1920 |
||
| 300 |
_avii, 205 p. _c20 cm. |
||
| 500 | _aIncluye índice alfabético | ||
| 500 | _aDiccionario inventariado por Banco de México como libro | ||
| 500 | _aG81 | ||
| 650 | 1 | 4 |
_aArte y simbolismo cristiano _vDiccionarios _zAlemania _915042 |
| 902 | _aGFM | ||
| 942 |
_2lcc _cB |
||
| 999 |
_c5645 _d5645 |
||